Pozycja Corporate Name
Liczba rekordów, w których użyto hasła: 1
001 - Numer kontrolny
- control field: 39607
003 - Identyfikator numeru kontrolnego
- control field: NUKAT
005 - Data i czas ostatniej modyfikacji
- control field: 20260407215921.0
008 - Dane kontrolne kodowane (40 znaków)
- fixed length control field: 150702n||a|znnaabn |a ana |c
010 ## - Numer kontrolny Biblioteki Kongresu
- numer kontrolny LC: n 2004013270
024 7# - OTHER STANDARD IDENTIFIER
- Standard number or code: 124876728
- Source of number or code: viaf
024 7# - OTHER STANDARD IDENTIFIER
- Standard number or code: 0000000086569986
- Source of number or code: isni
024 7# - OTHER STANDARD IDENTIFIER
- Standard number or code: Q1300664
- Source of number or code: wikidata
040 ## - Instytucja sporządzająca rekord
- inst. przygot. dane do rek. khw: KR U/PAWs
- język haseł przedmiotowych/tezaurus: kaba
- inst. wprow. rek. khw: KR U/PAWs
- inst. modyf. rek. khw: POZN U/JJ
- inst. modyf. rek. khw: WR O/EJ
- inst. modyf. rek. khw: KR 307/KM
- inst. modyf. rek. khw: STAD 001/BP
043 ## - Kod obszaru geograficznego
- ISO code: PL
046 ## - Special dates
- Start period: 1919
110 2# - Hasło - nazwa ciała zbiorowego
- nazwa ciała zbior. lub geogr. na pocz.: Arcybractwo Straży Honorowej Najświętszego Serca Pana Jezusa.
368 ## - Other Attributes
- Corp type: Stowarzyszenia religijne.
370 ## - Associated place
- Country: Polska.
370 ## - Associated place
- Residence/HQ: Kraków (Polska).
377 ## - Assoc lang
- Lang code: pol
410 2# - Trop zob. - nazwa ciała zbiorowego
- nazwa ciała zbior. lub geogr. na pocz.: Straż Honorowa Najświętszego Serca Pana Jezusa.
410 2# - Trop zob. - nazwa ciała zbiorowego
- nazwa ciała zbior. lub geogr. na pocz.: Arcybractwo Straży Honorowej.
410 2# - Trop zob. - nazwa ciała zbiorowego
- nazwa ciała zbior. lub geogr. na pocz.: Arcybr. Straży Honorowej.
410 2# - Trop zob. - nazwa ciała zbiorowego
- nazwa ciała zbior. lub geogr. na pocz.: Arcybractwo Straży Honorowej Najśw. Serca Pana Jezusa.
510 2# - Trop zob. też - nazwa ciała zbiorowego
- podpole kontrolne: a
- nazwa ciała zbior. lub geogr. na pocz.: Bractwo Straży Honorowej Najświętszego Serca Pana Jezusa.
665 ## - Nota historyczna
- nota historyczna: Straż Honorowa Najświętszego Serca Pana Jezusa powstała we Francji w 1863; w Polsce Bractwo Straży Honorowej Najświętszego Serca Pana Jezusa zostało kanonicznie zatwierdzone w styczniu 1869; Arcybractwo zatwierdzono kanonicznie 19 stycznia 1919. Główną siedzibą Wspólnoty jest klasztor Wizytek w Krakowie.
670 ## - Źródło informacji
- źródło informacji: Cześć, miłość, wynagrodzenie Sercu Jezusa : powstanie i rozwój Arcybractwa Straży Honorowej Najświętszego Serca Pana Jezusa / [ oprac. oraz rozdz. 6 napisał Jan Pluta]. - Kraków, 2001.
670 ## - Źródło informacji
- źródło informacji: Pobożne Stowarzyszenie Straży Honorowej Najsłodszego Serca Pana Jezusa [...]. - Kraków,1886.
670 ## - Źródło informacji
- źródło informacji: Wiadomości Straży Honorowej Najś. Serca P. Jezusa. - R. 23[i. e. 24], nr 1(1950)
670 ## - Źródło informacji
- źródło informacji: La dévotion au Sacré-Coeur de Jésus, 03.07.2015
- adres internetowy: http://www.spiritualite-chretienne.com/s_coeur/assoc_a.html
670 ## - Źródło informacji
- źródło informacji: Arcybractwo Straży Honorowej Najświętszego Serca Pana Jezusa, 03.07.2015
- adres internetowy: http://www.strazhonorowa.pl/historia-polska
670 ## - Źródło informacji
- źródło informacji: Ratujmy dusze w czyśćcu cierpiące czyli Krótkie nabożeństwo za dusze zmarłych. - Kraków, 1939. (własność Arcybr. Straży Honorowej)
670 ## - Źródło informacji
- źródło informacji: Kp. Podręcznik Godziny Obecności przy Sercu Bożym. - Kraków, 1992.
- gdzie znaleziono informację: (Współwydawca)